00493nam a2200109Ia 4500008004100000041000800041100004100049245004700090260004300137999001700180952018600197230206s9999 xx 000 0 und d aeng aJoshi P, Ed. & Parmar J, Ed.9119239 aNational Journal of Research in Management c2011bUKA Tarsadia UniversityaGujarat c97691d97691 00104070aHIMRbHIMRd2016-11-17eSatya GilanihDec. 2011 to June 2013 ( vol.1 No.2 to Vol.3 No.1)l0o658.018/JOS BV0175pHIMR-BV-175r2023-02-06 00:00:00w2023-02-06yBVzBV0175